Case in point (Record no. 104246)
[ view plain ]
| 000 -LEADER | |
|---|---|
| fixed length control field | 01163cam a2200277 4500 |
| 001 - CONTROL NUMBER | |
| control field | E129597 |
| 008 - FIXED-LENGTH DATA ELEMENTS--GENERAL INFORMATION | |
| fixed length control field | 050504n2005 000 0 eng u |
| 020 ## - INTERNATIONAL STANDARD BOOK NUMBER | |
| International Standard Book Number | 1842192302 |
| 035 ## - SYSTEM CONTROL NUMBER | |
| System control number | (Sirsi) u129597 |
| 041 ## - LANGUAGE CODE | |
| Language code of text/sound track or separate title | eng |
| 050 ## - LIBRARY OF CONGRESS CALL NUMBER | |
| Classification number | 347.41067 |
| -- | 18 |
| 100 ## - MAIN ENTRY--PERSONAL NAME | |
| Personal name | Baker, Ellis |
| 245 ## - TITLE STATEMENT | |
| Title | Case in point |
| Remainder of title | expert witness |
| 260 ## - PUBLICATION, DISTRIBUTION, ETC. | |
| Place of publication, distribution, etc. | London |
| Name of publisher, distributor, etc. | RICS |
| Date of publication, distribution, etc. | 2005 |
| 300 ## - PHYSICAL DESCRIPTION | |
| Extent | xxvii,127p. ; 21cm. |
| 350 ## - PRICE (NR) (BK AM CF MU VM SE) [OBSOLETE] | |
| Price | £24.95 |
| 520 ## - SUMMARY, ETC. | |
| Summary, etc. | Aims to raise awareness of the cases governing the work of expert witnesses and help property and construction surveyors act as expert witnesses in any form of dispute. It concentrates on the: - Role of the expert witness - Expert's instruction - Duties - Expertise - Potential liability. Also included is Civil Justice Council Protocol for the Instruction of Experts to give Evidence in the Civil Courts. |
| 590 ## - LOCAL NOTE (RLIN) | |
| Local note | IVA300805 |
| 650 ## - SUBJECT ADDED ENTRY--TOPICAL TERM | |
| Topical term or geographic name entry element | CIVIL PROCEDURE RULES |
| 650 ## - SUBJECT ADDED ENTRY--TOPICAL TERM | |
| Topical term or geographic name entry element | DISPUTE RESOLUTION |
| 9 (RLIN) | 6236 |
| 650 ## - SUBJECT ADDED ENTRY--TOPICAL TERM | |
| Topical term or geographic name entry element | EXPERT WITNESS |
| 9 (RLIN) | 6239 |
| 690 ## - LOCAL SUBJECT ADDED ENTRY--TOPICAL TERM (OCLC, RLIN) | |
| Topical term or geographic name as entry element | MANAGEMENT-DISPUTE AVOIDANCE, MANAGEMENT AND RESOLUTION-DISPUTE MANAGEMENT AND RESOLUTION-EXPERT WITNESSES |
| 700 ## - ADDED ENTRY--PERSONAL NAME | |
| Personal name | Lavers, Anthony |
| 942 ## - ADDED ENTRY ELEMENTS (KOHA) | |
| Suppress in OPAC | 0 |
| Withdrawn status | Lost status | Source of classification or shelving scheme | Damaged status | Not for loan | Home library | Current library | Shelving location | Date acquired | Total Checkouts | Full call number | Barcode | Date last seen | Copy number | Price effective from | Koha item type | Date last checked out |
|---|---|---|---|---|---|---|---|---|---|---|---|---|---|---|---|---|
| Dewey Decimal Classification | London | London | RICS Boxes | 05/09/2005 | RICS 2005/28 | 30070646 | 06/08/2019 | 1 | 06/08/2019 | Archive | ||||||
| Dewey Decimal Classification | London | London | Books | 05/09/2005 | 24 | 347.41067 BAK | 30070644 | 06/08/2019 | 2 | 06/08/2019 | Book | 23/10/2009 | ||||
| Dewey Decimal Classification | London | London | Books | 29/04/2009 | 347.41067 BAK | 30070647 | 06/08/2019 | 3 | 06/08/2019 | Reference material |